Bilecik Bilecik Bilecik Bilecik Bilecik

Understanding mentorning: Reflective strategies for school-based teacher preparation/ (Record no. 39655)

MARC details
000 -BAŞLIK
Sabit Uzunluktaki Kontrol Alanı 01189nam a22003377a 4500
001 - KONTROL NUMARASI
Control Dosyası 0039776
003 - KONTROL NUMARASI KİMLİĞİ
Kontrol Alanı KOHA_MİRAKIL
005 - EN SON İŞLEM TARİHİ ve ZAMANI
Kontrol Alanı 20260207003141.0
007 - FİZİKSEL TANIM SABİT ALAN - GENEL BİLGİ
Sabit uzunluklu kontrol alanı ta
008 - SABİT UZUNLUKTAKİ VERİ ÖGELERİ - GENEL BİLGİ
Sabit Alan 130401b1998 enk |||gr||||#||||0|eng |
020 ## - ISBN - ULUSLARARASI STANDART KİTAP NUMARASI
Isbn 0335193064
040 ## - KATALOGLAMA KAYNAĞI
Özgün Kataloglama Kurumu TR-BiSEU
Kataloglama Dili tur
Çeviri Kurumu TR-BiSEU
Açıklama Kuralları rda
041 0# - DİL KODU
Metin ya da ses kaydının dil kodu eng
044 ## - YAYINLAYAN/ÜRETEN KURULUŞUN ÜLKE KODU
ISO country code enk
050 ## - SINIFLAMA ve YER NUMARASI
Sınıflama Numarası LB1731
Yer Numarası .T597 1998
100 1# - KİŞİ ADI
Yazar Adı (Kişi adı) Tomlinson, Peter.
245 1# - ESER ADI BİLDİRİMİ
Başlık Understanding mentorning: Reflective strategies for school-based teacher preparation/
Sorumluluk Bildirimi Peter Tomlinson ; Peter Tomlinson.
246 ## - DEĞİŞİK BAŞLIK FORMU
Başlık uygun / kısa başlık Reflective strategies for school-based teacher preparation
250 ## - BASIM BİLDİRİMİ
Basım Bildirimi reprinted
264 #1 - ÜRERİM, YAYIN, DAĞITIM ve TELİF BİLDİRİMİ
Yayın yeri Buckingham :
Yayınlayan Open University Press
Yayın tarihi 1998
300 ## - FİZİKSEL TANIMLAMA
Sayfa, Cilt vb. XI, 237 s. ;tbl., grf., ;
Boyutları 23 cm.
336 ## - İÇERİK TÜRÜ
Content type term metin
Content type code txt
Source rdacontent
337 ## - MEDYA TÜRÜ
Media type term aracısız
Media type code n
Source rdamedia
338 ## - TAŞIYICI TÜRÜ
Carrier type term cilt
Carrier type code nc
Source rdacarrier
500 ## - GENEL NOT
Genel Not Includes bibliograhical references and indexes.
650 #0 - KONU BAŞLIĞI EK GİRİŞ - KONU TERİMİ
Konusal terim veya coğrafi ad Mentors in education--Great Britain.
9 (RLIN) 73799
650 #0 - KONU BAŞLIĞI EK GİRİŞ - KONU TERİMİ
Konusal terim veya coğrafi ad Teachers--Training of--Great Britain.
9 (RLIN) 60947
650 #0 - KONU BAŞLIĞI EK GİRİŞ - KONU TERİMİ
Konusal terim veya coğrafi ad Eğitim danışmanlığı--Büyük Britanya.
9 (RLIN) 73800
650 #0 - KONU BAŞLIĞI EK GİRİŞ - KONU TERİMİ
Konusal terim veya coğrafi ad Öğretmen eğitimi--Büyük Britanya.
9 (RLIN) 73801
942 ## - EK GİRİŞ ÖGELERİ (KOHA)
Source of classification or shelving scheme Library of Congress Classification
Koha item type Book
Holdings
Materyal Türü Kalıcı Konum Mevcut Konum Raf Yeri Sınıflandırma Kaynağı Edinim Bilgisi Ana Konular Alt Konular Yer Numarası Demirbaş Numarası Fatura Tarihi Geri Çekilme Durumu Kayıp Durumu Hasarlı Durumu Kredi için değil Kayıt Tarih Toplam Ödünçverme Son Görülme Tarihi Son Kontrol Tarihi Genel / Bağış Notu
Book Prof. Dr. Azmi Özcan Kütüphanesi Prof. Dr. Azmi Özcan Kütüphanesi Uluğbey Salonu Library of Congress Classification Bağış EĞİTİM Eğitim Teorisi ve Uygulaması LB1731 .T597 1998 0039776 02/02/2026         01/04/2013   05/12/2024 05/12/2024 YÖK Tez Merkezi